| 000 | 00901cam a2200217 4500 | ||
|---|---|---|---|
| 001 | WB3718-24 | ||
| 008 | 000000n2001 000 0 eng u | ||
| 035 | _a(Sirsi) u112544 | ||
| 245 | _a£50m rural business recovery fund | ||
| 260 | _c2001 | ||
| 490 |
_aDETR News Release _v(265) 7 May 2001 |
||
| 520 | _aThe Rural Task Force has announced £24m towards creation of a £50m Rural Business Recovery Fund run by the RDAs. The Fund will provide grant aid to help small businesses adapt, for loan repayments, for restructuring and recovery, for business advice and consultancy, for local and regional promotion, and to accelerate rural regeneration projects. | ||
| 590 | _aWB | ||
| 650 | _aFARM BUSINESSES | ||
| 650 | _aFOOT-AND-MOUTH DISEASE | ||
| 650 | _aRURAL BUSINESS RECOVERY FUND | ||
| 650 | _aRURAL BUSINESSES | ||
| 650 | _aRURAL REGENERATION | ||
| 690 |
_aRural _96268 |
||
| 942 | _n0 | ||
| 999 |
_c66982 _d66982 |
||